00951cam a22002535a 45000010009000000050017000090080041000260200015000670400033000820820017001151000022001322450113001542460023002672600052002903000036003425040051003786500029004296500049004586530018005077000050005259420008005759990017005839520097006001312710020180508120528.0030318s2003 ohua frb 001 0 eng d a1574980467 aDLCcDLCdDLCdEG-ScBUEbeng04a666222bBRO1 aBrosnan, Denis A.10aIntroduction to drying of ceramics :bwith laboratory exercises /cDenis A. Brosnan and Gilbert C. Robinson.30aDrying of ceramics aWesterville :bAmerican Ceramic Society,c2003. axxiii, 253 p. :bill. ;c24 cm. aIncludes bibliographical references and index. 7aCeramicsxDrying.2BUEsh 7aCeramicsxDryingvLaboratory manuals.2BUEsh bGGENcMay20181 aRobinson, Gilbert C.q(Gilbert Chase),d1919- 2ddc c26661d26633 00102ddc4070aMAINbMAINc1STd2018-05-08l0o666 BROp000047715r2025-07-15 00:00:00yBB